Learning Resource and Development

Learn C programming : (Record no. 29835)

MARC details
000 -LEADER
fixed length control field 02048nam a2200289 i 4500
003 - CONTROL NUMBER IDENTIFIER
control field CSPC
005 - DATE AND TIME OF LATEST TRANSACTION
control field 20250729151936.0
008 - FIXED-LENGTH DATA ELEMENTS--GENERAL INFORMATION
fixed length control field 250722s2022 -uk 001 0 eng d
020 ## - INTERNATIONAL STANDARD BOOK NUMBER
International Standard Book Number 9781801078450
040 ## - CATALOGING SOURCE
Transcribing agency CSPC
Original cataloging agency CSPC
Language of cataloging eng
Description conventions rda
050 00 - LIBRARY OF CONGRESS CALL NUMBER
Classification number QA76.73.C15
082 00 - DEWEY DECIMAL CLASSIFICATION NUMBER
Classification number 005.133
Item number Sz73l
100 1# - MAIN ENTRY--PERSONAL NAME
Personal name Szuhay, Jeff,
Relator term author.
245 10 - TITLE STATEMENT
Title Learn C programming :
Remainder of title a beginner's guide to learning the most powerful and general-purpose programming language with ease /
Statement of responsibility, etc. Jeff Szhuhay.
250 ## - EDITION STATEMENT
Edition statement Second edition.
264 #1 - PRODUCTION, PUBLICATION, DISTRIBUTION, MANUFACTURE, AND COPYRIGHT NOTICE
Place of production, publication, distribution, manufacture Birmingham, UK :
Name of producer, publisher, distributor, manufacturer Packt Publishing Ltd.,
Date of production, publication, distribution, manufacture, or copyright notice 2022.
300 ## - PHYSICAL DESCRIPTION
Extent xxxi, 708 pages ;
Dimensions 24 cm.
336 ## - CONTENT TYPE
Source rdacontent
Content type term text
337 ## - MEDIA TYPE
Source rdamedia
Media type term unmediated
338 ## - CARRIER TYPE
Source rdacarrier
Carrier type term volume
500 ## - GENERAL NOTE
General note Includes index.
505 0# - FORMATTED CONTENTS NOTE
Formatted contents note C fundamentals -- Running hello, world -- Understanding program structure -- Working with basic data types -- Using variables and assignments -- Exploring operators and expressions -- Exploring conditional program flow -- Exploring loops and iterations -- Creating and using enumerations -- Complex data types -- Creating and using structures -- Creating custom data types with typedef -- Working with arrays -- Working with multi-dimensional arrays -- Using pointers -- Understanding arrays and pointers -- Working with strings -- Creating and using more complex structures -- Memory manipulation -- Understanding memory allocation and lifetime -- Using dynamic memory allocation -- Input and output -- Exploring formatted output -- Getting input from the command line -- Exploring formatted input -- Working with files -- Using file input and file output -- Building blocks for larger programs -- Working with multi-file programs -- Understanding scope -- Building multi-file programs with make -- Creating two card programs.
650 #0 - SUBJECT ADDED ENTRY--TOPICAL TERM
Topical term or geographic name entry element C (Computer program language).
650 #0 - SUBJECT ADDED ENTRY--TOPICAL TERM
Topical term or geographic name entry element Computer programming.
942 ## - ADDED ENTRY ELEMENTS (KOHA)
Source of classification or shelving scheme Dewey Decimal Classification
Suppress in OPAC No
Koha item type Books
Classification part 005.133
Item part Sz73l
Call number prefix CIR
Call number suffix 2022
Holdings
Withdrawn status Lost status Source of classification or shelving scheme Damaged status Not for loan Home library Current library Shelving location Date acquired Total Checkouts Full call number Barcode Date last seen Copy number Price effective from Koha item type
    Dewey Decimal Classification     Main Library Main Library Circulation Section 07/22/2025   CIR 005.133 Sz73l 2022 029767 07/22/2025 1-1 07/22/2025 Books